No Direction Home (Record no. 1772)

MARC details
000 -LEADER
campo de control de longitud fija 00675nam a2200145 4500
008 - DATOS DE LONGITUD FIJA--INFORMACIÓN GENERAL
campo de control de longitud fija 779.092 R788n
020 ## - NÚMERO INTERNACIONAL ESTÁNDAR DEL LIBRO
Número Internacional Estándar del Libro 9786188293816
082 ## - NÚMERO DE LA CLASIFICACIÓN DECIMAL DEWEY
Número de clasificación 779.092
Número de ítem R788n
100 ## - ENTRADA PRINCIPAL--NOMBRE DE PERSONA
Nombre de persona Alexandropoulou, Electra (editora)
9 (RLIN) 7010
245 ## - MENCIÓN DEL TÍTULO
Título No Direction Home
260 ## - PUBLICACIÓN, DISTRIBUCIÓN, ETC.
Lugar de publicación, distribución, etc. Grecia
Nombre del editor, distribuidor, etc. Rosa-Luxemburg-Stiftung
Fecha de publicación, distribución, etc. 2016
300 ## - DESCRIPCIÓN FÍSICA
Extensión 160 p.
Otras características físicas il (col)
Dimensiones 26 x 20 cm
505 ## - NOTA DE CONTENIDO CON FORMATO
Título Saving the present from amnesia
Mención de responsabilidad Electra Alexandropoulou
Título Syria
-- Kobani - Suruc
-- Islands
-- Piraeus
-- Attica
-- Squats
-- Camps in nothern Greece
-- To the borders
-- Idomeni
-- Balkan route
-- Calais
-- Photo index
-- Sources
650 ## - PUNTO DE ACCESO ADICIONAL DE MATERIA--TÉRMINO DE MATERIA
Subdivisión general arte contemporáneo
-- Siria - guerra civil
-- refugiados - fotografía
-- Grecia - refugiados
9 (RLIN) 7011
Holdings
Estatus retirado Estado de pérdida Fuente del sistema de clasificación o colocación Estado de daño No para préstamo Biblioteca de origen Biblioteca actual Ubicación en estantería Fecha de adquisición Total de préstamos Signatura topográfica completa Código de barras Visto por última vez Precio de reemplazo Tipo de ítem Koha
    Clasificación Decimal Dewey     Biblioteca LadoV Biblioteca LadoV   02/05/2019   779.092 R788n 004786 02/05/2019 02/05/2019 Material 01